| 000 | 01194cam a2200397Ma 4500 | ||
|---|---|---|---|
| 001 | 6094957 | ||
| 003 | ARRUPE | ||
| 005 | 20131220144731.0 | ||
| 008 | 070211s2006 enk b 001 0 eng d | ||
| 015 |
_aGBA711313 _2bnb |
||
| 016 | 7 |
_a013669616 _2Uk |
|
| 020 | _a9780334041115 (hbk.) | ||
| 020 | _a0334041112 (hbk.) | ||
| 020 | _z0334041115 (hbk.) | ||
| 029 | 1 |
_aAU@ _b000041295815 |
|
| 029 | 1 |
_aNLGGC _b302414169 |
|
| 035 | _a(OCoLC)ocm81249142 | ||
| 035 | _a(NNC)6094957 | ||
| 035 | _a(OCoLC)ocm81249142 | ||
| 035 | _a(OCoLC)81249142 | ||
| 040 |
_aEQO _cEQO _dUKM _dYDXCP _dOCLCQ _dOCLCG |
||
| 050 | _aBS2575.3.H368 2006 | ||
| 082 | 0 | 4 |
_a226.207 _222 |
| 100 | 1 |
_aHauerwas, Stanley, _d1940- _96352 |
|
| 245 | 1 | 0 |
_aMatthew / _cStanley Hauerwas. |
| 260 |
_aLondon : _bSCM Press, _c2006. |
||
| 300 |
_a267 p. ; _c24 cm. |
||
| 490 | 1 | _aSCM theological commentary on the Bible | |
| 504 | _aIncludes bibliographical references and index. | ||
| 630 | 0 | 0 |
_aBible NT _pMatthew. _xCommentaries _96353 |
| 830 | 0 |
_aSCM theological commentary on the Bible. _96354 |
|
| 942 |
_2lcc _cMONOGRAPH |
||
| 948 | 0 |
_a20070228 _bb _cjeb52 _dMPS |
|
| 948 | 1 |
_a20080915 _bc _cink2 _dMPS |
|
| 999 |
_c119461 _d119461 |
||